Фильмы Леонида Гайдая - Армагеддон - Statistics

General Stats
  • This quiz has been taken 107 times
  • The average score is 8 of 15
Answers on the Grid
Answers color-coded by a green-red scale on the quiz's grid according to % correct below.
Долгий путь
Безответная любовь
Трижды воскресший
Деловые люди
С любимыми не расставайтесь
Операция «Ы» и другие приключения Шурика
Шла собака по роялю
Кавказская пленница, или Новые приключения Шурика
Эсперанса
Бриллиантовая рука
Мальчики
12 стульев
Дамы приглашают кавалеров
Мы из джаза
Змеелов
Иван Васильевич меняет профессию
День и вся жизнь
Не может быть!
Вий
Сделано в СССР
Инкогнито из Петербурга
Несрочная весна
За спичками
Встретимся на Таити
Спортлото-82
Опасно для жизни!
Частный детектив, или Операция «Кооперация»
Шантажист
Турецкий гамбит
На Дерибасовской хорошая погода, или На Брайтон-Бич опять идут дожди
 
Answer Stats
Answer % Correct
Операция «Ы» и другие приключения Шурика
91%
Бриллиантовая рука
88%
Кавказская пленница, или Новые приключения Шурика
86%
Иван Васильевич меняет профессию
84%
12 стульев
75%
Спортлото-82
67%
На Дерибасовской хорошая погода, или На Брайтон-Бич опять идут дожди
63%
Не может быть!
59%
Частный детектив, или Операция «Кооперация»
53%
Деловые люди
45%
За спичками
39%
Опасно для жизни!
27%
Инкогнито из Петербурга
23%
Долгий путь
16%
Трижды воскресший
13%
No matching quizzes found
Score Distribution
Percent of People with Each Score
Percentile by Number Answered
Your Score History
You have not taken this quiz